000 00572nam a2200229Ia 4500
003 OSt
005 20220918205551.0
006 a|||||r|||| 00| 0
007 ta
008 220917b |||||||| |||| 00| 0 eng d
024 _a117,071
037 _cTextual
040 _aARTS
_cARTS
_beng
041 _2eng
_aeng
082 _aV67:2:N5, K3
100 _aZartman I W
_9115496
245 0 _aGovernment and politics in Northern Africa
260 _c1963
650 _aHISTORY
942 _hV67:2:N5, K3
_cTEXL
_2CC
999 _c240363
_d240363